Statistics for A-Z: Canada

Click here to take the quiz!

General Stats

  • This quiz has been taken 42 times
  • The average score is 18 of 26

Answer Stats

HintAnswer% Correct
Most popular sport in CanadaIIce Hockey
98%
Most populous province of CanadaOOntario
98%
Language of QuebecFFrench
95%
Largest bay in CanadaHHudson Bay
95%
The Prime Minister, like his dadTJustin Trudeau
95%
Waterfall you may have heard ofNNiagara Falls
95%
French speaking provinceQQuebec
95%
Small town in Ontario named after a Swiss cityZZurich
90%
City known for its rodeosCCalgary
88%
River that leads into AlaskaYYukon
88%
Regina is the capital of this provinceSSaskatchewan
85%
Ancient boat used by InuitsKKayak
83%
Rapper from TorontoDDrake
78%
Singer with a song that was a bit ironicMAlanis Morissette
70%
Ken in the Barbie movieGRyan Gosling
70%
Ghost town in Saskatchewan. Think of the Warrior Princess TV series from the 1990sXXena
70%
Small mouse-like creature that also means a follower or someone who often joins the crowdLLemming
68%
Smallest province of CanadaPPrince Edward Island
65%
Singer who sang "Sorry"BJustin Bieber
55%
Famous ski resort in British ColumbiaWWhistler
53%
3rd largest island in CanadaEEllesmere Island
43%
Formula One championVJacques Vileneuve
40%
Author of The Handmaid's TaleAMargaret Atwood
38%
They sang about the Spirit of RadioRRush
38%
Township in Ontario, named after a town in West LondonUUxbridge
25%
City in Quebec named after French explorer who discovered most of the Gulf of St LawrenceJJacques-Cartier
20%

Score Distribution

Percentile by Number Answered

Percent of People with Each Score

Your Score History

You have not taken this quiz